<?xml version="1.0" encoding="UTF-8"?>
<record
    xmlns:xsi="http://www.w3.org/2001/XMLSchema-instance"
    xsi:schemaLocation="http://www.loc.gov/MARC21/slim http://www.loc.gov/standards/marcxml/schema/MARC21slim.xsd"
    xmlns="http://www.loc.gov/MARC21/slim">

  <leader>03105njm a2200529Ia 4500</leader>
  <controlfield tag="001">87497</controlfield>
  <controlfield tag="003">IT-RoPAU</controlfield>
  <controlfield tag="005">20220918181119.0</controlfield>
  <controlfield tag="008">131025s9999    xx            000 0 und d</controlfield>
  <datafield tag="040" ind1=" " ind2=" ">
    <subfield code="a">IT-RoPAU</subfield>
  </datafield>
  <datafield tag="040" ind1=" " ind2=" ">
    <subfield code="c">IT-RoPAU</subfield>
  </datafield>
  <datafield tag="041" ind1=" " ind2=" ">
    <subfield code="a">INGLESE</subfield>
  </datafield>
  <datafield tag="999" ind1=" " ind2=" ">
    <subfield code="c">99610</subfield>
    <subfield code="d">99610</subfield>
  </datafield>
  <datafield tag="999" ind1=" " ind2=" ">
    <subfield code="b">n.d.</subfield>
  </datafield>
  <datafield tag="100" ind1=" " ind2=" ">
    <subfield code="a">AA.VV.</subfield>
    <subfield code="9">794</subfield>
  </datafield>
  <datafield tag="100" ind1=" " ind2=" ">
    <subfield code="e">Autore musica</subfield>
    <subfield code="9">26705</subfield>
  </datafield>
  <datafield tag="100" ind1=" " ind2=" ">
    <subfield code="g">Codice autore musica SPICS: 12000</subfield>
    <subfield code="9">796</subfield>
  </datafield>
  <datafield tag="245" ind1=" " ind2=" ">
    <subfield code="a">Private Dancer</subfield>
  </datafield>
  <datafield tag="250" ind1=" " ind2=" ">
    <subfield code="a">1a ed.</subfield>
  </datafield>
  <datafield tag="260" ind1=" " ind2=" ">
    <subfield code="a">USA</subfield>
  </datafield>
  <datafield tag="260" ind1=" " ind2=" ">
    <subfield code="b">CAPITOL RECORDS</subfield>
    <subfield code="c">1984 [1a Ed.:1984 - Ed. Lingua Orig.: 1984]</subfield>
  </datafield>
  <datafield tag="300" ind1=" " ind2=" ">
    <subfield code="a">DISCO</subfield>
  </datafield>
  <datafield tag="500" ind1=" " ind2=" ">
    <subfield code="a">Musica pop.</subfield>
  </datafield>
  <datafield tag="505" ind1=" " ind2=" ">
    <subfield code="a">I Might Have Been Queen - What's Love Got To Do With It - Show Some Respect - I Can't Stand the Rain - Private Dancer- Let's Stay Together - Better Be Good To Me - Steel Claw - Help - 1984</subfield>
  </datafield>
  <datafield tag="650" ind1=" " ind2=" ">
    <subfield code="a">POP [DISCHI]</subfield>
    <subfield code="e">Codice MATERIA SPICS: 9950</subfield>
    <subfield code="9">1001</subfield>
  </datafield>
  <datafield tag="700" ind1=" " ind2=" ">
    <subfield code="a">Turner Tina</subfield>
    <subfield code="g">Codice interprete SPICS: 13173</subfield>
    <subfield code="e">Interprete</subfield>
    <subfield code="9">26706</subfield>
  </datafield>
  <datafield tag="700" ind1=" " ind2=" ">
    <subfield code="a">Obstoj Jennette</subfield>
    <subfield code="g">Codice autore musica SPICS: 31058</subfield>
    <subfield code="e">Autore musica</subfield>
    <subfield code="p">I Might Have Been Queen</subfield>
    <subfield code="9">26707</subfield>
  </datafield>
  <datafield tag="700" ind1=" " ind2=" ">
    <subfield code="a">Hine Rupert</subfield>
    <subfield code="g">Codice autore SPICS: 31059</subfield>
    <subfield code="e">Autore</subfield>
    <subfield code="p">I Might Have Been Queen</subfield>
    <subfield code="9">26708</subfield>
  </datafield>
  <datafield tag="700" ind1=" " ind2=" ">
    <subfield code="a">West-Oram Jamie</subfield>
    <subfield code="g">Codice autore testo/musica SPICS: 31060</subfield>
    <subfield code="e">Autore testo/musica</subfield>
    <subfield code="p">I Might Have Been Queen</subfield>
    <subfield code="9">26709</subfield>
  </datafield>
  <datafield tag="700" ind1=" " ind2=" ">
    <subfield code="a">Britten Terry</subfield>
    <subfield code="g">Codice autore musica SPICS: 21776</subfield>
    <subfield code="e">Autore musica</subfield>
    <subfield code="p">What's Love Got To Do With It - Show Some Respect</subfield>
    <subfield code="9">26710</subfield>
  </datafield>
  <datafield tag="700" ind1=" " ind2=" ">
    <subfield code="a">Lyle Graham</subfield>
    <subfield code="g">Codice autore SPICS: 25638</subfield>
    <subfield code="e">Autore</subfield>
    <subfield code="p">What's Love Got To Do With It</subfield>
    <subfield code="9">26711</subfield>
  </datafield>
  <datafield tag="700" ind1=" " ind2=" ">
    <subfield code="a">Shifrin Sue</subfield>
    <subfield code="g">Codice autore SPICS: 31061</subfield>
    <subfield code="e">Autore</subfield>
    <subfield code="p">Show Some Respect</subfield>
    <subfield code="9">26712</subfield>
  </datafield>
  <datafield tag="700" ind1=" " ind2=" ">
    <subfield code="a">Bryant Donald</subfield>
    <subfield code="g">Codice autore musica SPICS: 31062</subfield>
    <subfield code="e">Autore musica</subfield>
    <subfield code="p">I Can't Stand the Rain</subfield>
    <subfield code="9">26713</subfield>
  </datafield>
  <datafield tag="700" ind1=" " ind2=" ">
    <subfield code="a">Peebles Ann</subfield>
    <subfield code="g">Codice autore SPICS: 31063</subfield>
    <subfield code="e">Autore</subfield>
    <subfield code="p">I Can't Stand the Rain</subfield>
    <subfield code="9">26714</subfield>
  </datafield>
  <datafield tag="700" ind1=" " ind2=" ">
    <subfield code="a">Miller Bernard</subfield>
    <subfield code="g">Codice autore testo/musica SPICS: 31064</subfield>
    <subfield code="e">Autore testo/musica</subfield>
    <subfield code="p">I Can't Stand the Rain</subfield>
    <subfield code="9">26715</subfield>
  </datafield>
  <datafield tag="700" ind1=" " ind2=" ">
    <subfield code="a">Knopfler Mark</subfield>
    <subfield code="g">Codice autore musica SPICS: 11393</subfield>
    <subfield code="e">Autore musica</subfield>
    <subfield code="p">Private Dancer</subfield>
    <subfield code="9">26716</subfield>
  </datafield>
  <datafield tag="700" ind1=" " ind2=" ">
    <subfield code="a">Mitchell Willie</subfield>
    <subfield code="g">Codice autore musica SPICS: 31065</subfield>
    <subfield code="e">Autore musica</subfield>
    <subfield code="p">Let's Stay Together</subfield>
    <subfield code="9">26717</subfield>
  </datafield>
  <datafield tag="700" ind1=" " ind2=" ">
    <subfield code="a">Green Al</subfield>
    <subfield code="g">Codice autore SPICS: 31066</subfield>
    <subfield code="e">Autore</subfield>
    <subfield code="p">Let's Stay Together</subfield>
    <subfield code="9">26718</subfield>
  </datafield>
  <datafield tag="700" ind1=" " ind2=" ">
    <subfield code="a">Jackson Al</subfield>
    <subfield code="g">Codice autore testo/musica SPICS: 31067</subfield>
    <subfield code="e">Autore testo/musica</subfield>
    <subfield code="p">Let's Stay Together</subfield>
    <subfield code="9">26719</subfield>
  </datafield>
  <datafield tag="700" ind1=" " ind2=" ">
    <subfield code="a">Chapman Mike</subfield>
    <subfield code="g">Codice autore musica SPICS: 24546</subfield>
    <subfield code="e">Autore musica</subfield>
    <subfield code="p">Better Be Good To Me</subfield>
    <subfield code="9">26720</subfield>
  </datafield>
  <datafield tag="700" ind1=" " ind2=" ">
    <subfield code="a">Chinn Nicky</subfield>
    <subfield code="g">Codice autore SPICS: 24547</subfield>
    <subfield code="e">Autore</subfield>
    <subfield code="p">Better Be Good To Me</subfield>
    <subfield code="9">26721</subfield>
  </datafield>
  <datafield tag="700" ind1=" " ind2=" ">
    <subfield code="a">Knight Holly</subfield>
    <subfield code="g">Codice autore testo/musica SPICS: 31068</subfield>
    <subfield code="e">Autore testo/musica</subfield>
    <subfield code="p">Better Be Good To Me</subfield>
    <subfield code="9">26722</subfield>
  </datafield>
  <datafield tag="700" ind1=" " ind2=" ">
    <subfield code="a">Brady Paul</subfield>
    <subfield code="g">Codice autore testo/musica SPICS: 31069</subfield>
    <subfield code="e">Autore testo/musica</subfield>
    <subfield code="p">Steel Claw</subfield>
    <subfield code="9">26723</subfield>
  </datafield>
  <datafield tag="700" ind1=" " ind2=" ">
    <subfield code="a">McCartney Paul</subfield>
    <subfield code="g">Codice autore musica SPICS: 8084</subfield>
    <subfield code="e">Autore musica</subfield>
    <subfield code="p">Help</subfield>
    <subfield code="9">26724</subfield>
  </datafield>
  <datafield tag="700" ind1=" " ind2=" ">
    <subfield code="a">Lennon John</subfield>
    <subfield code="g">Codice autore testo/musica SPICS: 13133</subfield>
    <subfield code="e">Autore testo/musica</subfield>
    <subfield code="p">Help</subfield>
    <subfield code="9">26725</subfield>
  </datafield>
  <datafield tag="700" ind1=" " ind2=" ">
    <subfield code="a">Bowie David</subfield>
    <subfield code="g">Codice autore testo/musica SPICS: 8891</subfield>
    <subfield code="e">Autore testo/musica</subfield>
    <subfield code="p">1984</subfield>
    <subfield code="9">26726</subfield>
  </datafield>
  <datafield tag="942" ind1=" " ind2=" ">
    <subfield code="c">MD</subfield>
    <subfield code="2">ddc</subfield>
  </datafield>
  <datafield tag="952" ind1=" " ind2=" ">
    <subfield code="0">0</subfield>
    <subfield code="1">0</subfield>
    <subfield code="4">0</subfield>
    <subfield code="6">87497_000000000000000</subfield>
    <subfield code="7">1</subfield>
    <subfield code="a">SPICS</subfield>
    <subfield code="b">SPICS</subfield>
    <subfield code="d">2013-10-25</subfield>
    <subfield code="l">0</subfield>
    <subfield code="o">87497</subfield>
    <subfield code="r">2013-10-25 00:00:00</subfield>
    <subfield code="w">2013-10-25</subfield>
    <subfield code="y">MD</subfield>
    <subfield code="z">Progr. Ins.: 21408 / N.Vol.: 1 / Copie: 1 - Copia rara: n.d. / date import: 01.01.2014 - By Epidotti, Trombetti, Vaglietti</subfield>
  </datafield>
</record>
